Cargando...

തുടക്കം ഒടുക്കം /

Detalles Bibliográficos
Autor principal: രാമകൃഷ്ണന്‍, മലയാറ്റൂര്‍
Otros Autores: Ramakrishnan, Malayattoor
Formato: Printed Book
Lenguaje:English
Publicado: കോഴിക്കോട് : പൂര്‍ണ പബ്ലിക്കേഷന്‍സ്, 2015.
Edición:4th ed.
Materias:
LEADER 00887nam a22002057a 4500
008 160609b xxu||||| |||| 00| 0 eng d
020 |a 9788171805396 
082 |a 894.13  |b RAM 
100 |a രാമകൃഷ്ണന്‍, മലയാറ്റൂര്‍ 
240 |a Thudakkam odukkam 
245 |a തുടക്കം ഒടുക്കം /  |c ലയാറ്റൂര്‍ രാമകൃഷ്ണന്‍ 
250 |a 4th ed. 
260 |a കോഴിക്കോട് :  |b പൂര്‍ണ പബ്ലിക്കേഷന്‍സ്,  |c 2015. 
300 |a 140p. 
650 |a Novel 
650 |a നോവല്‍ 
700 |a Ramakrishnan, Malayattoor 
942 |2 ddc  |c BK 
999 |c 15147  |d 15147 
952 |0 0  |1 0  |2 ddc  |4 0  |6 894_130000000000000_RAM  |7 0  |9 21448  |a MAIN  |b MAIN  |d 2016-06-09  |e Poorna Publications  |g 120.00  |l 1  |o 894.13 RAM  |p 21417  |r 2017-12-06  |s 2017-11-06  |t 1  |w 2016-06-09  |y BK